Collections du museum (Registro nro. 8700)

Detalles MARC
000 -CABECERA
Campo de control 00513nam a22001817a 4500
005 - FECHA Y HORA DE LA ULTIMA TRANSACCION
Campo de control 20140912155526.0
008 - ELEMENTOS DE LONGITUD FIJA—INFORMACION GENERAL
Campo de control 140912b2005 fr ||||| |||| 00| 0 fre d
041 ## - IDIOMA
Código de idioma para texto/pista de sonido o título separado Francés
044 ## - PAÍS DE PUBLICACIÓN
País de publicación Francia
082 04 - NUMERO DE CLASIFICACION DECIMAL DEWEY
Número de clasificación 708
Número del ítem M98m3
110 2# - ASIENTO PRINCIPAL--NOMBRE CORPORATIVO
Nombre corporativo o de jurisdicción como elemento de entrada Museum National d' Histoire Naturelle
245 10 - MENCION DE TITULO
Título Collections du museum
260 ## - PUBLICACION, DISTRIBUCION, ETC. (PIE DE IMPRENTA)
Lugar de publicación, distribución, etc. Paris,
Nombre del editor, distribuidor, etc. Les Editions du Museum
Fecha de publicación, distribución, etc. 2005
300 ## - DESCRIPCION FISICA
Extensión 78 p.
Otros detalles físicos fot. (col)
Dimensiones 30 cm.
650 #6 - ASIENTO SECUNDARIO DE MATERIA - TERMINO TEMATICO
Término temático o nombre geográfico como elemento de entrada Museo
Subdivisión general historia natural
650 #6 - ASIENTO SECUNDARIO DE MATERIA - TERMINO TEMATICO
Término temático o nombre geográfico como elemento de entrada Museo
Subdivisión de forma collecciones
942 ## - ELEMENTOS ADICIONALES (KOHA)
Sistema de clasificación Dewey Decimal Classification
Tipo de ítem Libro
Existencias
Withdrawn status Lost status Sistema de Clasificación Damaged status No para préstamo Colección Inventariado Ubicación Permanente Ubicación actual Fecha de adquisición Total Checkouts Número topográfico Inventario / Código de Barras Date last seen Ejemplar Price effective from Forma de adquisición Tipo de material
    Dewey Decimal Classification     General Inventariado 2017 Bogotá Bogotá 12/09/2014   LB-708 M98m3 038371 12/09/2014 Ej. 1 12/09/2014   Libro